¡Cuidado con el perro! /
Federico, el protagonista de esta historia, quiere tener un perro, pero no puede convencer a su familia. Un día, se encuentra en la calle un perro tan chiquito que le cabe en el bolsillo. Lo lleva a su casa, y a pesar de las alergias de su hermana y de las travesuras del animalito, logra que le perm...
Guardado en:
| Autor Principal: | |
|---|---|
| Otros Autores: | , |
| Formato: | Libro |
| Publicado: |
Buenos Aires :
Santillana,
2001.
|
| Series: | Leer es genial. Cuidar y querer
|
| Materias: | |
| Etiquetas: |
Agregar Etiqueta
Sin Etiquetas, Sea el primero en etiquetar este registro!
|
| LEADER | 01373nam a22002535a 4500 | ||
|---|---|---|---|
| 001 | CEM.cems019995 | ||
| 008 | 230419s2001##################000#0#####d | ||
| 005 | 20240426140400.0 | ||
| 245 | 1 | 0 | |a ¡Cuidado con el perro! / |c Liliana Cinetto; ilustrado por Marcela Calderón; prólogo por Antonio Rodríguez Almodóvar. |
| 260 | |a Buenos Aires : |b Santillana, |c 2001. | ||
| 300 | |a 136 p. | ||
| 490 | 0 | |a Leer es genial. Cuidar y querer | |
| 520 | |a Federico, el protagonista de esta historia, quiere tener un perro, pero no puede convencer a su familia. Un día, se encuentra en la calle un perro tan chiquito que le cabe en el bolsillo. Lo lleva a su casa, y a pesar de las alergias de su hermana y de las travesuras del animalito, logra que le permitan conservarlo. A partir de ese momento Federico y Diminuto se harán amigos inseparables y juntos vivirán las más divertidas aventuras. | ||
| 020 | |a 9504610277 | ||
| 100 | 1 | |a Cinetto, Liliana. | |
| 700 | 1 | |a Calderón, Marcela; il. | |
| 700 | 1 | |a Rodríguez Almodóvar, Antonio; prol. | |
| 653 | |a Literatura infantil | ||
| 653 | |a Literatura Argentina | ||
| 653 | |a Novela infantil | ||
| 653 | |a Humor | ||
| 859 | |a CEMS |b BIB. CEMS - 11 de abril |h A863.4 |i C574 |p 29395.23 |t Ej.1 | ||
| 859 | |a CEMS |b BIB. CEMS - 11 de abril |h A863.4 |i C574-3 |k IP |p 1525 |t Ej.1 | ||
| 859 | |a CEMS |b BIB. CEMS - Inicial y Primaria |h A863.4 |i C574-3 |k IP |p 2769 |t Ej.2 | ||
